Statistics for Finnish Vocabulary Quiz: Animals

Click here to take the quiz!

General Stats

  • This quiz has been taken 18 times
  • The average score is 13 of 15

Answer Stats

QuestionAnswer% Correct
BearKarhu
100%
SnakeKäärme
93%
EagleKotka
93%
LionLeijona
93%
Flying squirrelLiito-orava
93%
SquirrelOrava
93%
SnailEtana
86%
SharkHai
86%
RabbitJänis
86%
FoxKettu
86%
CatKissa
86%
ReindeerPoro
86%
WolfSusi
86%
SheepLammas
71%
CrowVaris
57%

Score Distribution

Percentile by Number Answered

Percent of People with Each Score

Your Score History

You have not taken this quiz